METAPHYSICAL PSYCHOLOGY:RATIONAL PSYCHOLOGY (Record no. 64031)

MARC details
000 -LEADER
fixed length control field 00511nam a2200181Ia 4500
003 - CONTROL NUMBER IDENTIFIER
control field OSt
005 - DATE AND TIME OF LATEST TRANSACTION
control field 20251204160023.0
020 ## - INTERNATIONAL STANDARD BOOK NUMBER
International Standard Book Number 978-9966-820-18-3
040 ## - CATALOGING SOURCE
Transcribing agency LC
050 ## - LIBRARY OF CONGRESS CALL NUMBER
Classification number BF 41 .N 93 2013
Item number 13
100 ## - MAIN ENTRY--PERSONAL NAME
Personal name NYASANI, JOSEPH M.
245 #0 - TITLE STATEMENT
Title METAPHYSICAL PSYCHOLOGY:RATIONAL PSYCHOLOGY
260 ## - PUBLICATION, DISTRIBUTION, ETC.
Place of publication, distribution, etc. NAIROBI,
Name of publisher, distributor, etc. CONSOLATA INSTITUTE OF PHYLOSOPHY PRESS,
Date of publication, distribution, etc. 2013,
300 ## - PHYSICAL DESCRIPTION
Extent Vi, 137 P, ILL
500 ## - GENERAL NOTE
General note INCLUDES BIBLIOGRAPHICAL REFERENCES
650 ## - SUBJECT ADDED ENTRY--TOPICAL TERM
Topical term or geographic name entry element Psychology-Philosophy
942 ## - ADDED ENTRY ELEMENTS (KOHA)
Koha item type Reference
Source of classification or shelving scheme Library of Congress Classification
Suppress in OPAC No
Holdings
Withdrawn status Lost status Source of classification or shelving scheme Damaged status Not for loan Collection Home library Current library Shelving location Date acquired Inventory number Total checkouts Full call number Barcode Date last seen Copy number Price effective from Koha item type
    Library of Congress Classification     Special Research Kisii University Library Kisii University Library On Display 09/15/2023 040292   BF 41 .N 93 2013 005711 09/15/2023 13 09/15/2023 Reference
    Library of Congress Classification     Arts & Social Sciences Kisii University Library Kisii University Library On Display 06/03/2025 40293   BF 41 .N 93 2013 000000018923 06/03/2025 14 06/03/2025 Long Loan Book